| 000 | 01558nam a2200361 c 4500 | ||
|---|---|---|---|
| 003 | BLK | ||
| 005 | 20180422115654.0 | ||
| 008 | 180411b bul|||||r ||||||| ||bul|| | ||
| 010 | _aKNG00198764000 | ||
| 040 | _aBLK | ||
| 041 |
_aBUL _cBUL |
||
| 080 |
_aХидротерапия (водотерапия). Балнеолечение. Курортотерапия - Лечение с бани, горещи бани, сауна, хладни бани, речно къпане, влажни фрикции, компреси, с "жива вода"(алкално активирана, с ph 9, 6;курорт _b615.838 _x(497.2-22) _z615.838(497.2-22) |
||
| 100 | 1 |
_aТодоров, Тодор Атанасов _eпърви автор _9370819 |
|
| 139 |
_aТодоров, Тодор Атанасов _bТ 64 |
||
| 245 | 1 | 0 |
_aСело Баня, Карловско _cТодор Атанасов Тодоров. |
| 257 | _aBGR | ||
| 260 |
_аСофия _bМедицина и физкултура _c1971 _fПловдив : Д. Благоев |
||
| 300 |
_a52 с. _bс ил. _c18 см |
||
| 380 | _a91 | ||
| 490 | 1 | _aНаши курорти | |
| 500 | _a5 076 тир. | ||
| 650 | 4 |
_aКурортотерапия - България _9160017 |
|
| 651 | 4 |
_aБългария _9241624 |
|
| 653 | _aкурорти | ||
| 653 | _aтерапия | ||
| 653 | _aБаня | ||
| 653 | _aКарловско | ||
| 852 | _aЦб І 12345 | ||
| 856 | 4 |
_qpdf _u |
|
| 856 | 4 |
_qpdf _u |
|
| 942 |
_cKNG _n0 |
||
| 944 |
_aCR _c28.12.2016 _kЕлиз_Шакирова |
||
| 944 |
_aED _c28.12.2016 _kЕлиз_Шакирова |
||
| 999 |
_c189718 _d189718 |
||